000 00687nam a2200265Ia 4500
005 20260121165606.0
008 008 260114s9999 xx 000 0 eng d
020 _a9783319390598
037 _aEBOOK
040 _aCRL
040 _beng
040 _cCRL
041 _2eng
041 _aeng
084 _qCRL
100 _aCheri J. Shapiro, Charlyn Harper Browne
_91053640
245 0 _aInnovative Approaches to Supporting Families of Young Children
260 _bSpringer
260 _bSpringer
260 _c2016
856 _uhttps://link.springer.com/openurl?genre=book&isbn=978-3-319-39059-8
942 _cEBOOK
999 _c1619366
_d1619366